000 00995nas a2200337 4500
001 BR2012004225
003 BR-BrBNA
005 20231205120715.0
007 ta
008 230509b bl.|||p| |||| 00| 00por d
040 _aBR-BrBNA
_bpor
_cBiblioteca Nacional de Agricultura
041 _a(Pt)
072 _aF30
100 1 _aFerreira, C.B.B.
100 1 _aLopes, M.T.G.
100 1 _aLopes, R.
100 1 _aCunha, R.N.V. da
100 1 _aMoreira, D.A.
100 1 _aBarros, W.S.
100 1 _aMatiello, R.R.
245 1 _aDiversidade genética molecular de progênies de dendezeiro
650 _aDENDÊ
650 _aVARIAÇÃO GENÉTICA
650 _aPROGÊNIE
650 _aMARCADOR MOLECULAR
650 _aPARÂMETRO GENÉTICO
650 _aMELHORAMENTO GENÉTICO VEGETAL
773 0 _tPesquisa Agropecuária Brasileira (Brazil)
_xISSN 0100-204X
_g(Mar 2012), v. 47(3) p. 378-384
_wBR2012004225
909 _a202311
_bLúcia
_c55
_dLúcia Elande
942 _2AGRIS
_n0
_cANA
999 _c219881
_d219881